[Event "Kimry Summer op"]
[Site "Kimry"]
[Date "2015.06.11"]
[Round "7"]
[White "Slepchenko, Kaspar"]
[Black "Loev, Dmitrii"]
[Result "0-1"]
[WhiteElo "1650"]
[BlackElo "1629"]
[PlyCount "116"]
[EventDate "2015.06.08"]
[EventType "swiss"]
[EventRounds "7"]
[EventCountry "RUS"]
[SourceTitle "CBM 167 Extra"]
[Source "ChessBase"]
[SourceDate "2015.09.14"]
[SourceVersion "1"]
[SourceVersionDate "2015.09.14"]
[SourceQuality "1"]

1. e4 c5 2. Nc3 Nc6 3. Nf3 e6 4. d3 Nge7 5. Be2 d5 6. e5 Ng6 7. 0-0 Be7 8. Be3 d4 9. Bg5 Bxg5 10. Nxg5 dxc3 11. Ne4 cxb2 12. Rb1 Ngxe5 13. Rxb2 0-0 14. Nxc5 Qd4 15. Rb5 a6 16. Rb1 Qxc5 17. Qd2 Qa5 18. c3 Nd4 19. Rbc1 Nxe2+ 20. Qxe2 Qb5 21. c4 Qc5 22. Rcd1 Ng6 23. d4 Qg5 24. g3 b5 25. c5 Bb7 26. f3 Nf4 27. Qc2 Nd5 28. Qb3 Ne3 29. a3 Nxf1 30. Rxf1 Qd5 31. Qd3 Rad8 32. Qe2 Qxd4+ 33. Kg2 Qd2 34. Kf2 Qxe2+ 35. Kxe2 Rd5 36. Rc1 Rc8 37. Re1 Re5+ 38. Kf2 Rxe1 39. Kxe1 Bxf3 40. Kf2 Bh5 41. Kg2 Rxc5 42. Kh3 Rc3 43. a4 bxa4 44. Kh4 Bg6 45. h3 a3 46. g4 Rxh3+ 47. Kxh3 a2 48. Kh4 a1Q 49. Kg3 Qg1+ 50. Kf3 Qxg4+ 51. Ke3 Qe4+ 52. Kd2 Qd3+ 53. Ke1 Qc2 54. Kf1 a5 55. Ke1 a4 56. Kf1 a3 57. Ke1 a2 58. Kf1 a1R# 0-1

[Event "Kimry Summer op"]
[Site "Kimry"]
[Date "2015.06.10"]
[Round "5"]
[White "Pochtarenko, Dmitrii"]
[Black "Loev, Dmitrii"]
[Result "1/2-1/2"]
[WhiteElo "1470"]
[BlackElo "1629"]
[PlyCount "66"]
[EventDate "2015.06.08"]
[EventType "swiss"]
[EventRounds "7"]
[EventCountry "RUS"]
[SourceTitle "CBM 167 Extra"]
[Source "ChessBase"]
[SourceDate "2015.09.14"]
[SourceVersion "1"]
[SourceVersionDate "2015.09.14"]
[SourceQuality "1"]

1. e4 c5 2. Nf3 Nc6 3. d4 cxd4 4. Nxd4 e5 5. Nb5 a6 6. Nd6+ Bxd6 7. Qxd6 Qe7 8. Qd1 Qd8 9. Nc3 Nge7 10. Bc4 0-0 11. 0-0 Na5 12. Bd5 Nxd5 13. Qxd5 Nc6 14. Be3 Qf6 15. f4 d6 16. fxe5 Qxe5 17. Rf2 Be6 18. Qd2 f5 19. exf5 Rxf5 20. Raf1 Raf8 21. Bg5 Qd4 22. Qxd4 Nxd4 23. Be7 Rxf2 24. Rxf2 Rxf2 25. Kxf2 Nxc2 26. a3 Nd4 27. g3 Nf5 28. Bg5 h6 29. Be3 Nxe3 30. Kxe3 Bc4 31. Ne4 d5 32. Nd2 Kf7 33. Kd4 b5 1/2-1/2

[Event "Kimry Summer op"]
[Site "Kimry"]
[Date "2015.06.08"]
[Round "2"]
[White "Loev, Dmitrii"]
[Black "Barsukov, Maxim"]
[Result "1-0"]
[WhiteElo "1629"]
[BlackElo "2135"]
[PlyCount "73"]
[EventDate "2015.06.08"]
[EventType "swiss"]
[EventRounds "7"]
[EventCountry "RUS"]
[SourceTitle "CBM 167 Extra"]
[Source "ChessBase"]
[SourceDate "2015.09.14"]
[SourceVersion "1"]
[SourceVersionDate "2015.09.14"]
[SourceQuality "1"]

1. e4 e6 2. d4 d5 3. exd5 exd5 4. c4 Nf6 5. Nc3 Nc6 6. Nf3 Be7 7. Be2 0-0 8. 0-0 Bg4 9. cxd5 Nxd5 10. Qb3 Ndb4 11. a3 Bxf3 12. Bxf3 Nxd4 13. Qd1 Nbc6 14. Be3 Bf6 15. Rb1 Be5 16. Bxd4 Bxd4 17. Bxc6 bxc6 18. Qa4 c5 19. Rbd1 Qf6 20. Rc1 Qb6 21. Rb1 Rfd8 22. Qc2 a5 23. Rbc1 Rab8 24. Na4 Qf6 25. b3 Rb5 26. Qc4 Rdb8 27. Kh1 c6 28. f3 Bb2 29. Nxc5 Bxc1 30. Nd7 Qb2 31. Nxb8 Rxb8 32. Rxc1 Qxa3 33. Qxc6 h6 34. Rb1 Rxb3 35. Qc8+ Kh7 36. Qc2+ Rd3 37. Rd1 1-0

[Event "Kimry Spring op"]
[Site "Kimry"]
[Date "2015.04.18"]
[Round "4"]
[White "Fomichev, Nikita"]
[Black "Loev, Dmitrii"]
[Result "0-1"]
[WhiteElo "1597"]
[BlackElo "1772"]
[PlyCount "102"]
[EventDate "2015.04.17"]
[EventType "swiss"]
[EventRounds "7"]
[EventCountry "RUS"]
[SourceTitle "CBM 166 Extra"]
[Source "ChessBase"]
[SourceDate "2015.06.18"]
[SourceVersion "1"]
[SourceVersionDate "2015.06.18"]
[SourceQuality "1"]

1. e4 c5 2. Nf3 Nc6 3. d4 cxd4 4. Nxd4 e5 5. Nf3 Nf6 6. Bd3 d5 7. exd5 Nxd5 8. 0-0 Bd6 9. Bg5 Be7 10. Bxe7 Ndxe7 11. Re1 Bg4 12. Nc3 0-0 13. Bxh7+ Kh8 14. Bd3 f5 15. Be2 Qxd1 16. Raxd1 Bxf3 17. Bxf3 e4 18. Be2 Nb4 19. Rd2 Rad8 20. Red1 Nec6 21. Bb5 Rxd2 22. Rxd2 Rd8 23. Rxd8+ Nxd8 24. Bd7 g6 25. Ba4 Ndc6 26. a3 Na6 27. Kf1 Nc5 28. Bxc6 bxc6 29. Ke2 g5 30. b4 Ne6 31. g3 Nd4+ 32. Kd2 Kg7 33. h3 Kf6 34. a4 a6 35. Ne2 Nf3+ 36. Ke3 Ke5 37. c4 Ne1 38. Nd4 Ng2+ 39. Ke2 Kxd4 40. b5 axb5 41. cxb5 cxb5 42. axb5 Kc5 43. Kf1 e3 44. f3 Kxb5 45. Kxg2 Kc4 46. Kf1 Kd3 47. Ke1 f4 48. gxf4 gxf4 49. h4 Kd4 50. h5 Ke5 51. h6 Kf6 0-1

[Event "Kimry-ch"]
[Site "Kimry"]
[Date "2015.01.05"]
[Round "7"]
[White "Loev, Dmitrii"]
[Black "Burov, Vyacheslav"]
[Result "1-0"]
[WhiteElo "1621"]
[BlackElo "1069"]
[PlyCount "69"]
[EventDate "2015.01.02"]
[EventType "swiss"]
[EventRounds "9"]
[EventCountry "RUS"]
[SourceTitle "CBM 164 Extra"]
[Source "ChessBase"]
[SourceDate "2015.03.02"]
[SourceVersion "1"]
[SourceVersionDate "2015.03.02"]
[SourceQuality "1"]

1. d4 g6 2. e4 Bg7 3. f4 e6 4. c4 d6 5. Nf3 b6 6. h4 Bb7 7. Nc3 Nd7 8. Bd3 Ne7 9. Be3 0-0 10. h5 Qe8 11. hxg6 fxg6 12. Ng5 h6 13. Nxe6 Qc8 14. Nxf8 Qxf8 15. Qg4 Rd8 16. 0-0-0 h5 17. Qe6+ Kh8 18. f5 Qf6 19. Qxf6 Bxf6 20. fxg6 Nxg6 21. Rxh5+ Kg7 22. Rdh1 Rh8 23. Rxh8 Nxh8 24. e5 dxe5 25. Rh7+ Kg8 26. Rxd7 Bc6 27. Rxc7 Bxg2 28. Bh6 Nf7 29. Rc8+ Nd8 30. dxe5 Bh4 31. e6 a5 32. Nd5 Kh8 33. e7 Bxe7 34. Nxe7 Bb7 35. Rxd8# 1-0

[Event "Kimry-ch"]
[Site "Kimry"]
[Date "2015.01.05"]
[Round "6"]
[White "Loev, Dmitrii"]
[Black "Kochetkov, Victor N"]
[Result "0-1"]
[WhiteElo "1621"]
[BlackElo "1919"]
[PlyCount "136"]
[EventDate "2015.01.02"]
[EventType "swiss"]
[EventRounds "9"]
[EventCountry "RUS"]
[SourceTitle "CBM 164 Extra"]
[Source "ChessBase"]
[SourceDate "2015.03.02"]
[SourceVersion "1"]
[SourceVersionDate "2015.03.02"]
[SourceQuality "1"]

1. d4 a6 2. e4 d6 3. f4 c5 4. dxc5 Qa5+ 5. Nc3 Qxc5 6. Nf3 Bg4 7. Be2 e6 8. Qd4 Nd7 9. Be3 Rc8 10. Qxc5 Nxc5 11. Bxc5 Rxc5 12. h3 Bxf3 13. Bxf3 Ne7 14. 0-0-0 Nc8 15. g4 Be7 16. g5 b5 17. h4 0-0 18. Ne2 Nb6 19. Nd4 Rfc8 20. Rh2 Nc4 21. Nb3 R5c7 22. Rd3 a5 23. Nd4 b4 24. Bg4 Rb8 25. Nb3 a4 26. Nd2 Na5 27. Kb1 Rbc8 28. Bd1 Rc5 29. a3 bxa3 30. Rxa3 Nc4 31. Nxc4 Rxc4 32. Re3 Bd8 33. b3 axb3 34. Rxb3 Rxe4 35. Rf2 Ba5 36. Kb2 Be1 37. Bf3 Rxf4 38. Bb7 Bxf2 39. Bxc8 g6 40. Bd7 Bc5 41. Rh3 e5 42. h5 gxh5 43. Rxh5 e4 44. Bb5 Kg7 45. Rh1 Rg4 46. Bc6 e3 47. c3 Rxg5 48. Be4 f5 49. Bd3 h6 50. Rf1 Kf6 51. Rh1 h5 52. Kb3 f4 53. Be2 Rg3 54. Rxh5 f3 55. Rh2 fxe2 56. Rxe2 Ke5 57. Kc2 Ke4 58. Rh2 Rf3 59. Rh8 Rf2+ 60. Kb3 Kd3 61. Rh3 Rc2 62. c4 Rxc4 63. Rg3 Rb4+ 64. Ka2 Kc3 65. Rg2 d5 66. Ka1 d4 67. Rh2 d3 68. Ra2 d2 0-1

[Event "Kimry Summer op 69th"]
[Site "Kimry"]
[Date "2014.06.10"]
[Round "5"]
[White "Malkov, Gleb"]
[Black "Loev, Dmitrii"]
[Result "1-0"]
[WhiteElo "1588"]
[BlackElo "1646"]
[PlyCount "53"]
[EventDate "2014.06.08"]
[EventType "swiss"]
[EventRounds "7"]
[EventCountry "RUS"]
[SourceTitle "CBM 160 Extra"]
[Source "ChessBase"]
[SourceDate "2014.07.01"]
[SourceVersion "1"]
[SourceVersionDate "2014.07.01"]
[SourceQuality "1"]

1. d4 d5 2. c4 g6 3. cxd5 Qxd5 4. Nc3 Qd8 5. e4 e6 6. Nf3 c5 7. Bb5+ Bd7 8. e5 a6 9. Bg5 Qb6 10. Bxd7+ Nxd7 11. Na4 Qb5 12. Rc1 cxd4 13. Qxd4 Bb4+ 14. Nc3 Rc8 15. a3 Rc4 16. axb4 Qxb4 17. Qd2 Ne7 18. Rd1 Nd5 19. Nxd5 exd5 20. Qxb4 Rxb4 21. Rxd5 Rxb2 22. 0-0 h6 23. Rfd1 hxg5 24. Rxd7 Rh5 25. g4 Rh3 26. Nxg5 Rh4 27. Rd8+ 1-0

[Event "Kimry Rating op 68th"]
[Site "Kimry"]
[Date "2014.01.02"]
[Round "1"]
[White "Loev, Dmitrii"]
[Black "Bilan, Danila"]
[Result "0-1"]
[WhiteElo "1619"]
[BlackElo "2032"]
[PlyCount "92"]
[EventDate "2014.01.02"]
[EventType "swiss"]
[EventRounds "9"]
[EventCountry "RUS"]
[SourceTitle "CBM 158 Extra"]
[Source "ChessBase"]
[SourceDate "2014.02.28"]
[SourceVersion "1"]
[SourceVersionDate "2014.02.28"]
[SourceQuality "1"]

1. d4 d5 2. Nf3 c6 3. e3 Nf6 4. c4 e6 5. Nc3 Nbd7 6. a3 dxc4 7. Bxc4 b5 8. Ba2 Bb7 9. 0-0 a6 10. Bd2 c5 11. dxc5 Bxc5 12. Rc1 0-0 13. Bb1 Qe7 14. e4 Ng4 15. h3 Nge5 16. Bf4 Nxf3+ 17. Qxf3 f5 18. Qh5 Nf6 19. Qg5 e5 20. Be3 Bxe3 21. Qxe3 f4 22. Qb6 Rfb8 23. Ba2+ Kh8 24. Nxb5 axb5 25. Rc7 Qd8 26. Rfc1 Bd5 27. Bxd5 Nxd5 28. Qxb8 Rxb8 29. exd5 h6 30. R7c5 Kh7 31. f3 b4 32. a4 Qb6 33. a5 Qa6 34. Kh1 Qd3 35. R1c4 Qb1+ 36. Kh2 Qxb2 37. d6 Qd2 38. a6 Qxd6 39. a7 Ra8 40. Rc7 b3 41. Rf7 b2 42. Rb7 Rxa7 43. Rxb2 Ra1 44. h4 Qd1 45. Kh3 h5 46. g4 Qxf3+ 0-1

[Event "Kimry op 08"]
[Site "Kimry"]
[Date "2012.08.29"]
[Round "3"]
[White "Loev, Dmitrii"]
[Black "Boyko, Tatiana"]
[Result "1-0"]
[WhiteElo "1605"]
[BlackElo "1550"]
[PlyCount "121"]
[EventDate "2012.08.28"]
[EventType "swiss"]
[EventRounds "7"]
[EventCountry "RUS"]
[SourceTitle "CBM 150 Extra"]
[Source "ChessBase"]
[SourceDate "2012.10.19"]
[SourceVersion "1"]
[SourceVersionDate "2012.10.19"]
[SourceQuality "1"]

1. d4 d5 2. e3 Nf6 3. c4 dxc4 4. Bxc4 Nc6 5. Nf3 e6 6. 0-0 Bd6 7. Nc3 0-0 8. d5 exd5 9. Nxd5 Be6 10. Nxf6+ Qxf6 11. Bxe6 fxe6 12. Qb3 b6 13. e4 Qg6 14. Re1 Ne5 15. Nd4 Rae8 16. f4 Bc5 17. Be3 Bxd4 18. Bxd4 Nc6 19. f5 Nxd4 20. fxg6 Nxb3 21. gxh7+ Kxh7 22. axb3 a5 23. Rac1 Rd8 24. Rxc7 Rd2 25. Rf1 Rxf1+ 26. Kxf1 Rxb2 27. Rc3 Rb1+ 28. Kf2 Rb2+ 29. Kf3 b5 30. h4 a4 31. bxa4 bxa4 32. Rc4 a3 33. Ra4 a2 34. g4 Rb3+ 35. Kf4 Rb2 36. h5 g6 37. hxg6+ Kxg6 38. Ra6 Kf7 39. e5 Rb4+ 40. Kg5 Rb5 41. Ra7+ Ke8 42. Kf6 Rb2 43. Kxe6 Kf8 44. g5 Rb6+ 45. Kf5 Rb2 46. e6 Rf2+ 47. Kg6 Re2 48. e7+ Rxe7 49. Rxa2 Rg7+ 50. Kh6 Re7 51. Ra8+ Kf7 52. g6+ Kf6 53. Rf8+ Ke6 54. g7 Rxg7 55. Kxg7 Ke7 56. Rf6 Kd7 57. Kf7 Kc7 58. Ke7 Kb7 59. Kd7 Ka7 60. Kc7 Ka8 61. Ra6# 1-0

[Event "Kimry Winter op"]
[Site "Kimry"]
[Date "2012.01.28"]
[Round "4"]
[White "Bolgov, Leonid"]
[Black "Loev, Dmitrii"]
[Result "0-1"]
[WhiteElo "1442"]
[BlackElo "1630"]
[PlyCount "106"]
[EventDate "2012.01.27"]
[EventType "swiss"]
[EventRounds "8"]
[EventCountry "RUS"]
[SourceTitle "CBM 146 Extra"]
[Source "ChessBase"]
[SourceDate "2012.02.29"]
[SourceVersion "1"]
[SourceVersionDate "2012.02.29"]
[SourceQuality "1"]

1. e4 c5 2. d3 Nc6 3. Nf3 d6 4. Be3 Nf6 5. Nc3 Qb6 6. b3 g6 7. Qd2 Bg7 8. Na4 Qc7 9. Rb1 b5 10. Nb2 b4 11. Be2 Ng4 12. h3 Bc3 13. hxg4 Bxd2+ 14. Bxd2 Bxg4 15. Nc4 Bxf3 16. Bxf3 Nd4 17. Bg4 Nxc2+ 18. Kd1 Nd4 19. Bc1 h5 20. Bh3 a5 21. Bb2 a4 22. g3 a3 23. Ba1 Rg8 24. Bg2 e5 25. f4 Qd7 26. fxe5 Qg4+ 27. Kc1 dxe5 28. Nd6+ Ke7 29. Nb7 Ne2+ 30. Kd2 Nxg3 31. Rhe1 Qf4+ 32. Kd1 Qg4+ 33. Kd2 h4 34. Bxe5 Qg5+ 35. Re3 Qxe5 36. Bh3 Qc3+ 37. Kd1 Ra7 38. Rc1 Qd4 39. Rxc5 Rxb7 40. Rxg3 hxg3 41. Rd5 Qg1+ 42. Ke2 Qh2+ 43. Kf3 Qxh3 44. Re5+ Kf8 45. Rg5 Qh5+ 46. Rxh5 gxh5 47. Kg2 h4 48. d4 Rc7 49. d5 Rc2+ 50. Kg1 h3 51. d6 h2+ 52. Kh1 Rc1+ 53. Kg2 h1Q# 0-1

[Event "Kimry Winter op"]
[Site "Kimry"]
[Date "2012.01.27"]
[Round "2"]
[White "Mikhailov, Ivan"]
[Black "Loev, Dmitrii"]
[Result "1-0"]
[WhiteElo "2024"]
[BlackElo "1630"]
[PlyCount "55"]
[EventDate "2012.01.27"]
[EventType "swiss"]
[EventRounds "8"]
[EventCountry "RUS"]
[SourceTitle "CBM 146 Extra"]
[Source "ChessBase"]
[SourceDate "2012.02.29"]
[SourceVersion "1"]
[SourceVersionDate "2012.02.29"]
[SourceQuality "1"]

1. d4 d5 2. c4 c6 3. Nc3 Nf6 4. Nf3 Bf5 5. cxd5 Nxd5 6. g3 e6 7. Bg2 Bb4 8. Bd2 0-0 9. 0-0 Bg6 10. Ne5 Ne7 11. Nxg6 Nxg6 12. Qb3 Qb6 13. Na4 Qxd4 14. Bxb4 Rd8 15. Rad1 Qf6 16. Bc3 Qe7 17. Rxd8+ Qxd8 18. Qxb7 Nd7 19. Rd1 Ngf8 20. Nc5 Rb8 21. Rxd7 Nxd7 22. Qxd7 Qb6 23. Nxe6 c5 24. Ng5 Qg6 25. Nxf7 Rf8 26. Bd5 Qb1+ 27. Kg2 g6 28. Nh6# 1-0

[Event "Kimry op Aug"]
[Site "Kimry"]
[Date "2011.08.31"]
[Round "6"]
[White "Anfinogenova, Anastasiya"]
[Black "Loev, Dmitrii"]
[Result "1-0"]
[WhiteElo "1721"]
[BlackElo "1604"]
[PlyCount "25"]
[EventDate "2011.08.29"]
[EventType "swiss"]
[EventRounds "7"]
[EventCountry "RUS"]
[SourceTitle "CBM 144 Extra"]
[Source "ChessBase"]
[SourceDate "2011.10.28"]
[SourceVersion "1"]
[SourceVersionDate "2011.10.28"]
[SourceQuality "1"]

1. e4 c5 2. Nf3 e6 3. d4 d5 4. exd5 Qxd5 5. Bb5+ Bd7 6. Nc3 Qd6 7. 0-0 Bxb5 8. Nxb5 Qb6 9. c4 Nc6 10. Bf4 Rc8 11. d5 a6 12. dxc6 axb5 13. Qd7# 1-0

[Event "Kimry op Aug"]
[Site "Kimry"]
[Date "2011.08.31"]
[Round "5"]
[White "Loev, Dmitrii"]
[Black "Bolgov, Leonid"]
[Result "1-0"]
[WhiteElo "1604"]
[BlackElo "1453"]
[PlyCount "53"]
[EventDate "2011.08.29"]
[EventType "swiss"]
[EventRounds "7"]
[EventCountry "RUS"]
[SourceTitle "CBM 144 Extra"]
[Source "ChessBase"]
[SourceDate "2011.10.28"]
[SourceVersion "1"]
[SourceVersionDate "2011.10.28"]
[SourceQuality "1"]

1. d4 d5 2. c4 dxc4 3. e4 e5 4. Nf3 Bb4+ 5. Bd2 Bxd2+ 6. Qxd2 exd4 7. Bxc4 Nc6 8. Bb5 Nge7 9. Nxd4 a6 10. Bxc6+ Nxc6 11. Nxc6 Qxd2+ 12. Nxd2 bxc6 13. 0-0 0-0 14. f3 h6 15. Nb3 a5 16. Rac1 Bb7 17. Nc5 Rfb8 18. b3 Ba6 19. Rfd1 Bb5 20. Rd7 Rc8 21. a4 Ba6 22. Rcd1 Be2 23. R1d2 Ba6 24. Re7 Kf8 25. Rdd7 Rd8 26. Rxf7+ Ke8 27. Rde7# 1-0

[Event "Kimry op Aug"]
[Site "Kimry"]
[Date "2011.08.30"]
[Round "4"]
[White "Dugin, Andrey"]
[Black "Loev, Dmitrii"]
[Result "1-0"]
[WhiteElo "1738"]
[BlackElo "1604"]
[PlyCount "77"]
[EventDate "2011.08.29"]
[EventType "swiss"]
[EventRounds "7"]
[EventCountry "RUS"]
[SourceTitle "CBM 144 Extra"]
[Source "ChessBase"]
[SourceDate "2011.10.28"]
[SourceVersion "1"]
[SourceVersionDate "2011.10.28"]
[SourceQuality "1"]

1. c4 c5 2. Nf3 Nf6 3. g3 e6 4. d4 d5 5. cxd5 Nxd5 6. Bg2 Nc6 7. Nc3 cxd4 8. Nxd4 Bb4 9. Nxc6 bxc6 10. Bd2 0-0 11. 0-0 Bb7 12. Nxd5 Bxd2 13. Qxd2 cxd5 14. Rac1 Qb6 15. Rc3 Rac8 16. Rfc1 Rxc3 17. Qxc3 Qa6 18. Qb3 Rc8 19. Rxc8+ Bxc8 20. e4 dxe4 21. Bxe4 Qe2 22. Qa4 Kf8 23. Qb4+ Ke8 24. Bc6+ Bd7 25. Qb8+ Ke7 26. Bxd7 Qd1+ 27. Kg2 Qxd7 28. Qb4+ Ke8 29. Qe4 Qd5 30. Qxd5 exd5 31. Kf3 Ke7 32. Ke3 Kd6 33. Kd4 f5 34. f4 h6 35. b4 g5 36. h3 gxf4 37. gxf4 Ke6 38. Kc5 a6 39. a4 1-0

[Event "Kimry 56 Rtng winter"]
[Site "Kimry"]
[Date "2011.01.24"]
[Round "7.7"]
[White "Loev, Dmitrii"]
[Black "Petrov, Alexandr1"]
[Result "0-1"]
[WhiteElo "1572"]
[BlackElo "1719"]
[PlyCount "90"]
[EventDate "2011.01.21"]
[EventType "swiss"]
[EventRounds "8"]
[EventCountry "RUS"]
[SourceTitle "EXT 2022"]
[Source "ChessBase"]
[SourceDate "2021.10.06"]
[SourceVersion "1"]
[SourceVersionDate "2021.10.06"]
[SourceQuality "1"]

1. f4 d5 2. Nf3 Nc6 3. e3 a6 4. Nc3 Bf5 5. h3 e6 6. g4 Bg6 7. b3 Nf6 8. Bb2 Be4 9. d3 Bg6 10. Bg2 h6 11. Qe2 Qd7 12. 0-0-0 0-0-0 13. e4 d4 14. Nb1 Rg8 15. e5 Nd5 16. Nxd4 Nxd4 17. Bxd4 Nxf4 18. Bxb7+ Kxb7 19. Qf3+ c6 20. Bc3 Nd5 21. Ba5 Rc8 22. Qf2 c5 23. c4 Nb4 24. Qf3+ Qc6 25. Qxc6+ Nxc6 26. Bc3 Rd8 27. Kc2 Be7 28. Rhf1 Bg5 29. Bd2 Bxd3+ 30. Kb2 Bxf1 31. Rxf1 Rxd2+ 32. Nxd2 Bxd2 33. Rxf7+ Kb6 34. a4 Nxe5 35. Re7 Nc6 36. Rxe6 Kc7 37. Re2 Rd8 38. Rf2 Rd7 39. Kc2 Nb4+ 40. Kb1 Bg5 41. Rf5 Rd1+ 42. Kb2 Bf6+ 43. Rxf6 gxf6 44. Kc3 Rh1 45. Kd2 Rxh3 0-1

[Event "Kimry 56 Rtng winter"]
[Site "Kimry"]
[Date "2011.01.21"]
[Round "1.2"]
[White "Jarulin, Rufat"]
[Black "Loev, Dmitrii"]
[Result "1-0"]
[WhiteElo "2032"]
[BlackElo "1572"]
[PlyCount "41"]
[EventDate "2011.01.21"]
[EventType "swiss"]
[EventRounds "8"]
[EventCountry "RUS"]
[SourceTitle "EXT 2022"]
[Source "ChessBase"]
[SourceDate "2021.10.06"]
[SourceVersion "1"]
[SourceVersionDate "2021.10.06"]
[SourceQuality "1"]

1. c4 c5 2. Nc3 Nf6 3. g3 e6 4. e4 Nc6 5. Bg2 d6 6. Nge2 Be7 7. 0-0 0-0 8. d4 Qc7 9. Nb5 Qb8 10. b3 a6 11. Nbc3 cxd4 12. Nxd4 Bd7 13. Ba3 e5 14. Nc2 Ne8 15. Nd5 b5 16. Rb1 Bd8 17. Kh1 f5 18. exf5 Bxf5 19. Nde3 Ne7 20. Nxf5 Nxf5 21. Qd5+ 1-0

[Event "Kimry op 52nd"]
[Site "Kimry"]
[Date "2010.06.10"]
[Round "2"]
[White "Loev, Dmitrii"]
[Black "Chernyaev, Vladimir"]
[Result "1-0"]
[WhiteElo "1541"]
[BlackElo "1802"]
[PlyCount "73"]
[EventDate "2010.06.10"]
[EventType "swiss"]
[EventRounds "7"]
[EventCountry "RUS"]
[SourceTitle "CBM 136 Extra"]
[Source "ChessBase"]
[SourceDate "2010.07.02"]
[SourceVersion "2"]
[SourceVersionDate "2010.07.15"]
[SourceQuality "1"]

1. e4 c5 2. Nf3 e6 3. Nc3 Nc6 4. d4 cxd4 5. Nxd4 Bc5 6. Nxc6 bxc6 7. Be2 d5 8. exd5 exd5 9. 0-0 Ne7 10. a3 0-0 11. b4 Bb6 12. Bf3 Bb7 13. Bb2 Bc7 14. Na4 Qd6 15. g3 Ng6 16. Qd4 f6 17. Rfd1 Ne5 18. Bg2 a5 19. Nc5 Bb6 20. Qc3 axb4 21. axb4 Rxa1 22. Bxa1 Qb8 23. Nxb7 Qxb7 24. b5 Qa7 25. bxc6 Ng4 26. Bxd5+ Kh8 27. Rf1 Bxf2+ 28. Kg2 Ne3+ 29. Kxf2 Nxd5+ 30. Qd4 Qxd4+ 31. Bxd4 Nb4 32. Bc5 Rb8 33. Bxb4 Rxb4 34. Rd1 Kg8 35. c7 Rc4 36. Rd8+ Kf7 37. c8Q 1-0